| 000 | 00000nas 2200000za 4500 |
| 001 | 9.506230 |
| 003 | CaOODSP |
| 005 | 20231123084320 |
| 007 | cr ||||||||||| |
| 008 | 150406d20072008oncar p o f0 a0eng|d |
| 020 | |z978-0-662-05730-7|z978-0-662-69861-6 |
| 040 | |aCaOODSP|beng |
| 043 | |an-cn--- |
| 086 | 1 |aFR2-7E-PDF|zIT1-2/2007|zFR2-7/2008|zFR2-7/2008E-PDF |
| 110 | 1 |aCanada. |bForeign Affairs and International Trade Canada. |
| 245 | 10|aCanada's international market access report |h[electronic resource]. |
| 260 | |a[Ottawa] : |bForeign Affairs and International Trade Canada, |cc2007-2008. |
| 310 | |aAnnual |
| 362 | 0 |a2007-2008. |
| 500 | |aIssued also in French under title: Rapport sur l'accès du Canada aux marchés internationaux. |
| 690 | 07|aInternational markets|2gcpds |
| 690 | 07|aInternational trade|2gcpds |
| 775 | 08|tRapport sur l'accès du Canada aux marchés internationaux |w(CaOODSP)9.502628 |
| 780 | 00|tOpening doors to the world, Canada's international market access priorities |w(CaOODSP)9.506925 |